| 000 | 00582nam a2200205 a 4500 | ||
|---|---|---|---|
| 005 | 20220519121535.0 | ||
| 008 | 090828s2000 mx r 000 0 spa d | ||
| 020 | _a9686849386 (ADN) | ||
| 020 | _a9701844297 (CONACULTA) | ||
| 035 | _aUPN01000172112 | ||
| 049 | _aCG | ||
| 050 | 4 |
_aQC173 _bG3.3 |
|
| 100 | 1 | _aGarcía Fernández, Horacio | |
| 245 | 1 | 4 |
_aLas huellas del átomo / _cHoracio García Fernández. |
| 260 |
_aMéxico : _bADN : _bCONACULTA, _c2000. |
||
| 300 | _a286 p. | ||
| 440 | 0 |
_aViaje al centro de la ciencia ; _v18 |
|
| 650 | 2 |
_aÁtomos _92821 |
|
| 905 | _aLibro | ||
| 999 |
_c144216 _d144216 |
||